Manažérsky informačný systém podniku
Základné fázy riadenia podniku. Informačný systém podniku. Manažérsky informačný systém. Outsourcing podnikových informačných systémov.
Saved in:
| Main Author: | |
|---|---|
| Format: | Book Chapter |
| Language: | Slovak |
| Subjects: | |
| Tags: |
No Tags, Be the first to tag this record!
|
MARC
| LEADER | 00000nla$a2200000$$$4500 | ||
|---|---|---|---|
| 001 | 0051789 | ||
| 005 | 20231106104122.0 | ||
| 041 | 0 | |a slo | |
| 044 | |a SK | ||
| 245 | 1 | 0 | |a Manažérsky informačný systém podniku |c Anna Jacková |
| 520 | |a Základné fázy riadenia podniku. Informačný systém podniku. Manažérsky informačný systém. Outsourcing podnikových informačných systémov. | ||
| 610 | 2 | 0 | |a systémy informačné podnikové |
| 610 | 2 | 0 | |a systémy informačné |
| 610 | 2 | 0 | |a riadenie podnikové |
| 610 | 2 | 0 | |a outsourcing |
| 100 | 1 | |a Jacková, Anna | |